| 000 | 01056nam0a2200325 4500 | ||
|---|---|---|---|
| 001 | RU\NLR\BIBL_A\012550863 | ||
| 005 | 20210901164000.0 | ||
| 010 |
_a978-5-4420-0864-7 _9119 |
||
| 021 |
_aRU _bКН-П-21-008423 _9КН-П-21-0666 |
||
| 035 | _a(NLR Aleph) 012550863 | ||
| 035 | _a(RuMoRGB)010576429 | ||
| 090 |
_a12429362 _c12429362 |
||
| 100 | _a20210622d2020 u y0rusy50 ca | ||
| 101 | 0 | _arus | |
| 102 | _aRU | ||
| 105 | _aa z 000gy | ||
| 181 | 0 |
_ai _baxxe |
|
| 182 | 0 | _an | |
| 200 | 1 |
_aТринадцать _eсборник стихотворений _fЕлена Арчакова |
|
| 203 |
_aТекст _bвизуальный _cнепосредственный |
||
| 210 |
_aВоронеж _cВоронежская областная типография _d2020 |
||
| 215 |
_a71, [1] с. _cил. _d21 |
||
| 686 | 2 | _aШ6(2=Р)8-5 | |
| 700 | 1 |
_aАрчакова _bЕ. _gЕлена |
|
| 942 | _cBOOK | ||
| 980 | _aNBR | ||
| 980 | _aNB | ||